[Event "Swindon Open 1st"]
[Site "Swindon"]
[Date "2025.08.24"]
[Round "4.7"]
[White "Dewangan, Aayush"]
[Black "Ogunshola, Ben"]
[Result "0-1"]
[WhiteElo "2011"]
[BlackElo "2070"]
[PlyCount "144"]
[EventDate "2025.08.22"]
[EventType "swiss"]
[EventRounds "6"]
[EventCountry "ENG"]
[SourceTitle "BritBase"]
[Source "John Saunders"]
[SourceDate "2025.12.11"]
[SourceVersion "1"]
[SourceVersionDate "2025.12.11"]
[SourceQuality "1"]

1. e4 e5 2. Nf3 Nf6 3. Nxe5 d6 4. Nf3 Nxe4 5. Nc3 Nf6 6. d4 c6 7. h3 Bf5 8. Bd3 Bxd3 9. Qxd3 Be7 10. O-O Na6 11. Re1 O-O 12. a3 Nc7 13. Bf4 Re8 14. Rad1 Qd7 15. Bg5 Ncd5 16. Nxd5 Nxd5 17. Bd2 b5 18. b3 h6 19. c4 Nc7 20. d5 bxc4 21. bxc4 cxd5 22. cxd5 Bf6 23. Ba5 Rxe1+ 24. Rxe1 Qb5 25. Qxb5 Nxb5 26. Re3 Rc8 27. Bb4 Kf8 28. a4 Bc3 29. Bxc3 Nxc3 30. Nd2 Nxa4 31. Ra3 Rc1+ 32. Kh2 Rd1 33. Ne4 Nb6 34. Nxd6 Rxd5 35. Nb7 Nc8 36. Rc3 Nd6 37. Nxd6 Rxd6 38. Rc7 a6 39. Ra7 h5 40. h4 g6 41. f3 Kg7 42. g4 Kf6 43. g5+ Ke6 44. Kg3 Rc6 45. Ra8 f5 46. gxf6 Kxf6 47. Kf4 Rb6 48. Ra7 Rb4+ 49. Kg3 Ra4 50. Rd7 Ra5 51. Rh7 Re5 52. Ra7 Ra5 53. Rh7 Ra1 54. Kf4 a5 55. Ra7 Ra4+ 56. Kg3 g5 57. hxg5+ Kxg5 58. Rg7+ Kf6 59. Rb7 h4+ 60. Kh3 Rf4 61. Rb5 a4 62. Ra5 Ke6 63. Kg2 Kd6 64. Kh3 Kc6 65. Kg2 Kb6 66. Ra8 Kb5 67. Rb8+ Kc4 68. Ra8 Kb3 69. Rb8+ Rb4 70. Ra8 a3 71. Kh3 a2 72. Ra7 Ra4 0-1

[Event "Swindon Open 1st"]
[Site "Swindon"]
[Date "2025.08.24"]
[Round "4.8"]
[White "Ronald, Ted"]
[Black "Girdlestone, Paul C"]
[Result "1-0"]
[WhiteElo "1827"]
[BlackElo "2059"]
[PlyCount "59"]
[EventDate "2025.08.22"]
[EventType "swiss"]
[EventRounds "6"]
[EventCountry "ENG"]
[SourceTitle "BritBase"]
[Source "John Saunders"]
[SourceDate "2025.12.11"]
[SourceVersion "1"]
[SourceVersionDate "2025.12.11"]
[SourceQuality "1"]

1. e4 e5 2. Nf3 Nc6 3. Bb5 g6 4. c3 Bg7 5. d4 Nge7 6. h4 O-O 7. d5 a6 8. Bd3 Nb8 9. h5 d6 10. hxg6 hxg6 11. Ng5 Nd7 12. Qg4 Nc5 13. Qh4 Nxd3+ 14. Kd2 Re8 15. Kxd3 c6 16. Nh7 cxd5 17. Nf6+ Kf8 18. Bh6 dxe4+ 19. Kc2 Nf5 20. Bxg7+ Kxg7 21. Qg5 Qxf6 22. Rh7+ Kxh7 23. Qxf6 Kg8 24. Nd2 d5 25. Rh1 Ng7 26. Qh4 Nh5 27. g4 Bxg4 28. Qxg4 Nf6 29. Qg5 Kg7 30. Qh6+ 1-0

[Event "Swindon Open 1st"]
[Site "Swindon"]
[Date "2025.08.24"]
[Round "4.9"]
[White "Sachdeva, Ronit"]
[Black "Sagues, Vincent"]
[Result "1/2-1/2"]
[WhiteElo "2058"]
[BlackElo "1936"]
[PlyCount "47"]
[EventDate "2025.08.22"]
[EventType "swiss"]
[EventRounds "6"]
[EventCountry "ENG"]
[SourceTitle "BritBase"]
[Source "John Saunders"]
[SourceDate "2025.12.11"]
[SourceVersion "1"]
[SourceVersionDate "2025.12.11"]
[SourceQuality "1"]

1. e4 e6 2. d4 d5 3. Nc3 dxe4 4. Nxe4 Nd7 5. Nf3 Ngf6 6. Nxf6+ Nxf6 7. g3 b6 8. Bg2 Bb7 9. O-O Bd6 10. Qe2 O-O 11. Rd1 Qe7 12. Bg5 h6 13. Bxf6 Qxf6 14. Ne5 Bxg2 15. Kxg2 Bxe5 16. Qxe5 Qxe5 17. dxe5 Rfd8 18. f4 h5 19. Kf3 Kf8 20. Ke4 g6 21. c4 Ke7 22. a4 a5 23. b3 c5 24. h3 1/2-1/2

[Event "Swindon Open 1st"]
[Site "Swindon"]
[Date "2025.08.24"]
[Round "4.10"]
[White "Hayward, Philip"]
[Black "Sieczkowski, Adam"]
[Result "1-0"]
[WhiteElo "2032"]
[BlackElo "1806"]
[PlyCount "75"]
[EventDate "2025.08.22"]
[EventType "swiss"]
[EventRounds "6"]
[EventCountry "ENG"]
[SourceTitle "BritBase"]
[Source "John Saunders"]
[SourceDate "2025.12.11"]
[SourceVersion "1"]
[SourceVersionDate "2025.12.11"]
[SourceQuality "1"]

1. c4 e5 2. g3 Nc6 3. Nc3 g6 4. Bg2 Bg7 5. e4 Nge7 6. Nge2 O-O 7. O-O d6 8. d3 Be6 9. Nd5 Qd7 10. Bg5 f6 11. Be3 a5 12. Qd2 Nd8 13. Nxe7+ Qxe7 14. f4 Qd7 15. Rf2 Nf7 16. f5 gxf5 17. exf5 Bxf5 18. Raf1 Bh3 19. Bxh3 Qxh3 20. Nc3 Nh6 21. Bxh6 Bxh6 22. Qe2 f5 23. Nd5 f4 24. gxf4 Bxf4 25. Nxc7 Be3 26. Nxa8 Rxa8 27. Kh1 Bxf2 28. Qxf2 Qe6 29. Qg2+ Kh8 30. Qxb7 Rg8 31. Qf3 a4 32. b3 axb3 33. axb3 Rb8 34. Ra1 Rxb3 35. Qf8+ Qg8 36. Qf6+ Qg7 37. Ra8+ Rb8 38. Rxb8# 1-0

[Event "Swindon Open 1st"]
[Site "Swindon"]
[Date "2025.08.24"]
[Round "4.11"]
[White "Cook, Michael-Antony"]
[Black "Gordon, Sean"]
[Result "1-0"]
[WhiteElo "1913"]
[BlackElo "1975"]
[PlyCount "58"]
[EventDate "2025.08.22"]
[EventType "swiss"]
[EventRounds "6"]
[EventCountry "ENG"]
[SourceTitle "BritBase"]
[Source "John Saunders"]
[SourceDate "2025.12.11"]
[SourceVersion "1"]
[SourceVersionDate "2025.12.11"]
[SourceQuality "1"]

1. e4 c5 2. c3 Nf6 3. e5 Nd5 4. Nf3 Nc6 5. d4 cxd4 6. cxd4 d6 7. Bc4 dxe5 8. dxe5 Nb6 9. Qxd8+ Nxd8 10. Bb3 e6 11. Nc3 Bd7 12. O-O Be7 13. Rd1 Nc6 14. Be3 Na5 15. Bxb6 axb6 16. Bc2 Bc6 17. Nd4 O-O-O 18. b3 Rd7 19. Nxc6 Rxd1+ 20. Rxd1 bxc6 21. Be4 h5 22. Kf1 g5 23. Rd3 g4 24. h3 Rd8 25. hxg4 Rxd3 26. Bxd3 hxg4 27. Ne4 c5 28. Bb5 Kd8 29. Ke2 Bg5 1-0

[Event "Swindon Open 1st"]
[Site "Swindon"]
[Date "2025.08.24"]
[Round "4.12"]
[White "Bolt, Graham"]
[Black "Ortiz Sanchez, Luis"]
[Result "1/2-1/2"]
[WhiteElo "1917"]
[BlackElo "1908"]
[PlyCount "130"]
[EventDate "2025.08.22"]
[EventType "swiss"]
[EventRounds "6"]
[EventCountry "ENG"]
[SourceTitle "BritBase"]
[Source "John Saunders"]
[SourceDate "2025.12.11"]
[SourceVersion "1"]
[SourceVersionDate "2025.12.11"]
[SourceQuality "1"]

1. Nf3 d5 2. g3 g6 3. Bg2 Bg7 4. d4 c6 5. O-O Nf6 6. b3 O-O 7. Bb2 a5 8. a4 Bf5 9. Nbd2 Na6 10. Nh4 Be6 11. Re1 Re8 12. Nhf3 Bf5 13. Rc1 Bh6 14. Ne5 Nd7 15. Nef3 Nf6 16. e3 Nb4 17. Ne5 Nd7 18. Ndf3 Na2 19. Ra1 Nb4 20. Re2 Bg7 21. Rd2 Qc7 22. c3 Na6 23. Nd3 Rad8 24. Nh4 Be4 25. f3 Bxd3 26. Rxd3 e6 27. f4 f5 28. c4 Bf8 29. Rc3 Nf6 30. Nf3 Ne4 31. Rcc1 Bb4 32. Rc2 Be7 33. Ne5 Nb4 34. Rcc1 Bf6 35. Nd3 Be7 36. c5 Nxd3 37. Qxd3 Nf6 38. Bc3 b6 39. Qd2 Ra8 40. b4 axb4 41. Bxb4 bxc5 42. Bxc5 Bxc5 43. Rxc5 Nd7 44. Rc2 Nb6 45. Qc1 Rec8 46. Bf1 Rxa4 47. Rxa4 Nxa4 48. Bb5 Nb6 49. Rxc6 Qd8 50. Qc5 Rxc6 51. Qxc6 Kf7 52. Qb7+ Kg8 53. Kg2 Nc4 54. Bxc4 dxc4 55. Qc6 Qd5+ 56. Qxd5 exd5 57. Kf2 h5 58. h4 Kf7 59. Ke2 Ke6 60. Kd2 Kd6 61. Kc3 Kc6 62. Kb4 Kb6 63. Ka4 Ka6 64. Kb4 Kb6 65. Ka4 Ka6 1/2-1/2

[Event "Swindon Open 1st"]
[Site "Swindon"]
[Date "2025.08.24"]
[Round "4.13"]
[White "Brocklehurst, Andrew"]
[Black "Bourne, Johnathan D"]
[Result "1/2-1/2"]
[WhiteElo "1856"]
[BlackElo "1915"]
[PlyCount "36"]
[EventDate "2025.08.22"]
[EventType "swiss"]
[EventRounds "6"]
[EventCountry "ENG"]
[SourceTitle "BritBase"]
[Source "John Saunders"]
[SourceDate "2025.12.11"]
[SourceVersion "1"]
[SourceVersionDate "2025.12.11"]
[SourceQuality "1"]

1. e4 e6 2. b3 d5 3. exd5 exd5 4. Nf3 Be7 5. Be2 Bf6 6. d4 Ne7 7. O-O O-O 8. c3 Bf5 9. Bd3 Bxd3 10. Qxd3 Ng6 11. Be3 c6 12. Nbd2 Re8 13. Rab1 Nd7 14. Rfc1 Ndf8 15. c4 Ne6 16. g3 Nc7 17. a4 a6 18. c5 Qd7 1/2-1/2

[Event "Swindon Open 1st"]
[Site "Swindon"]
[Date "2025.08.24"]
[Round "4.14"]
[White "Hill, Andy"]
[Black "Tamilselvan, Tara"]
[Result "1-0"]
[WhiteElo "1989"]
[BlackElo "1795"]
[PlyCount "107"]
[EventDate "2025.08.22"]
[EventType "swiss"]
[EventRounds "6"]
[EventCountry "ENG"]
[SourceTitle "BritBase"]
[Source "John Saunders"]
[SourceDate "2025.12.11"]
[SourceVersion "1"]
[SourceVersionDate "2025.12.11"]
[SourceQuality "1"]

1. Nf3 Nc6 2. d4 d5 3. e3 e6 4. a3 Nf6 5. Bd3 Bd6 6. Nbd2 e5 7. dxe5 Nxe5 8. Nxe5 Bxe5 9. Nf3 Bd6 10. h3 O-O 11. O-O c5 12. c4 Be6 13. Ng5 h6 14. Nxe6 fxe6 15. Bc2 Qc7 16. Qe2 Rad8 17. Rb1 Qc6 18. b3 e5 19. cxd5 Nxd5 20. Bb2 Nf6 21. e4 Bc7 22. Bd3 b5 23. Bxb5 Qxe4 24. Rbe1 Qxe2 25. Rxe2 Nd7 26. Re3 Kf7 27. Bc4+ Ke7 28. f4 g5 29. fxe5 Rxf1+ 30. Kxf1 Rf8+ 31. Ke2 Nb6 32. Rf3 Rxf3 33. Kxf3 Nxc4 34. bxc4 Ke6 35. Ke4 a5 36. a4 Bb6 37. Bc1 Bc7 38. Bd2 Bb6 39. Be3 Ba7 40. h4 gxh4 41. Bxh6 Bb8 42. Bf8 Bxe5 43. Bxc5 Bc3 44. Bf2 Bf6 45. Kf4 Kd6 46. Kg4 Kc6 47. Bxh4 Bxh4 48. Kxh4 Kc5 49. g4 Kxc4 50. g5 Kb4 51. g6 Kxa4 52. g7 Ka3 53. g8=Q a4 54. Qc4 1-0

[Event "Swindon Open 1st"]
[Site "Swindon"]
[Date "2025.08.24"]
[Round "4.15"]
[White "Coffey, Anthony"]
[Black "Warimwe, David James"]
[Result "1-0"]
[WhiteElo "1953"]
[BlackElo "1853"]
[PlyCount "143"]
[EventDate "2025.08.22"]
[EventType "swiss"]
[EventRounds "6"]
[EventCountry "ENG"]
[SourceTitle "BritBase"]
[Source "John Saunders"]
[SourceDate "2025.12.11"]
[SourceVersion "1"]
[SourceVersionDate "2025.12.11"]
[SourceQuality "1"]

1. Nf3 Nf6 2. d4 g6 3. c4 Bg7 4. g3 d6 5. Bg2 O-O 6. O-O Nbd7 7. Nc3 e5 8. e4 Re8 9. h3 a6 10. Be3 Rb8 11. a4 exd4 12. Nxd4 Nc5 13. Qc2 Bd7 14. b4 Ne6 15. Rad1 Nxd4 16. Bxd4 Qc8 17. Kh2 b5 18. axb5 axb5 19. c5 Be6 20. Rfe1 Nd7 21. Bxg7 Kxg7 22. Qb2 Kg8 23. cxd6 cxd6 24. Rc1 Ne5 25. Red1 Nc4 26. Qe2 Qd8 27. Qf3 Ne5 28. Qe3 Bb3 29. Rd4 Qb6 30. Nxb5 Qxb5 31. Qxb3 Nc6 32. Rxd6 Qxb4 33. Qxb4 Nxb4 34. Rc7 Rec8 35. Rxc8+ Rxc8 36. Rd2 Rc1 37. Bf3 Kg7 38. Be2 Re1 39. Kg2 Nc6 40. f4 Rc1 41. Kf2 Rc3 42. Rd3 Rc2 43. Ke3 h6 44. e5 Ne7 45. Kf2 Nf5 46. g4 Nh4 47. Re3 Rc1 48. Ra3 Rh1 49. Bc4 Rc1 50. Bd5 Rc5 51. Be4 g5 52. f5 Rxe5 53. Ke3 Rc5 54. Kd4 Rc1 55. Ke5 Rc5+ 56. Bd5 Rc7 57. Kd6 Rc8 58. Ra7 Rf8 59. Ke7 h5 60. Rd7 hxg4 61. hxg4 f6 62. Ke6+ Kh6 63. Re7 Rd8 64. Bb7 Rf8 65. Bc6 Rc8 66. Bb7 Rc4 67. Kxf6 Rxg4 68. Re8 Kh7 69. Be4 Rg1 70. Kf7 Rf1 71. f6+ Nf5 72. Re5 1-0

[Event "Swindon Open 1st"]
[Site "Swindon"]
[Date "2025.08.24"]
[Round "4.16"]
[White "Coman, Kas"]
[Black "Holmes, Matthew A"]
[Result "1/2-1/2"]
[WhiteElo "1950"]
[BlackElo "1776"]
[PlyCount "65"]
[EventDate "2025.08.22"]
[EventType "swiss"]
[EventRounds "6"]
[EventCountry "ENG"]
[SourceTitle "BritBase"]
[Source "John Saunders"]
[SourceDate "2025.12.11"]
[SourceVersion "1"]
[SourceVersionDate "2025.12.11"]
[SourceQuality "1"]

1. e4 c5 2. Nf3 Nc6 3. d4 cxd4 4. Nxd4 Nf6 5. Nc3 e5 6. Ndb5 d6 7. Bg5 a6 8. Na3 b5 9. Nd5 Be7 10. Bxf6 Bxf6 11. c3 Rb8 12. Nc2 Bg5 13. a4 bxa4 14. Ncb4 Bd7 15. Bxa6 Na5 16. Qe2 O-O 17. O-O f5 18. exf5 Rxf5 19. Bd3 Rf7 20. Qc2 g6 21. Ne3 Qf8 22. Nc4 Nb3 23. Rad1 Rxb4 24. cxb4 Nd4 25. Qb1 Qh6 26. Be4 Ne2+ 27. Kh1 Bf4 28. g3 Bxg3 29. fxg3 Nxg3+ 30. Kg1 Ne2+ 31. Kh1 Ng3+ 32. Kg1 Ne2+ 33. Kh1 1/2-1/2

[Event "Swindon Open 1st"]
[Site "Swindon"]
[Date "2025.08.24"]
[Round "4.17"]
[White "Thomas, James"]
[Black "Lin, Vickie"]
[Result "1-0"]
[WhiteElo "1882"]
[BlackElo "1070"]
[PlyCount "53"]
[EventDate "2025.08.22"]
[EventType "swiss"]
[EventRounds "6"]
[EventCountry "ENG"]
[SourceTitle "BritBase"]
[Source "John Saunders"]
[SourceDate "2025.12.11"]
[SourceVersion "1"]
[SourceVersionDate "2025.12.11"]
[SourceQuality "1"]

1. Nf3 d5 2. g3 Nf6 3. Bg2 c5 4. O-O Nc6 5. d4 c4 6. Ne5 Bf5 7. b3 Nxe5 8. dxe5 cxb3 9. axb3 Ng4 10. Bxd5 Bxc2 11. Bxf7+ Kxf7 12. Qxc2 Ke8 13. Qf5 Qd4 14. Ra4 Qxe5 15. Qxg4 Rd8 16. Rxa7 b5 17. Bf4 Qd4 18. Qh5+ g6 19. Qxb5+ Kf7 20. Ra4 Qd5 21. Qxd5+ Rxd5 22. Nc3 Rc5 23. Ne4 Rb5 24. Rc1 h6 25. b4 Bg7 26. Rc7 Rd5 27. Raa7 1-0

[Event "Swindon Open 1st"]
[Site "Swindon"]
[Date "2025.08.24"]
[Round "4.18"]
[White "Sherwood, Gabriel"]
[Black "Walsh, Jordan"]
[Result "1-0"]
[WhiteElo "1848"]
[BlackElo "1735"]
[PlyCount "97"]
[EventDate "2025.08.22"]
[EventType "swiss"]
[EventRounds "6"]
[EventCountry "ENG"]
[SourceTitle "BritBase"]
[Source "John Saunders"]
[SourceDate "2025.12.11"]
[SourceVersion "1"]
[SourceVersionDate "2025.12.11"]
[SourceQuality "1"]

1. e4 c5 2. Nc3 a6 3. Nge2 b5 4. d4 cxd4 5. Nxd4 e6 6. g3 Bb7 7. Bg2 Qc7 8. O-O b4 9. Na4 Nf6 10. Qe2 Nc6 11. Be3 Nxd4 12. Bxd4 Bc6 13. Nb6 Rb8 14. Qxa6 Bxe4 15. Bxe4 Nxe4 16. Nc4 Rc8 17. b3 f6 18. Rae1 Ng5 19. f4 Nf7 20. Nb6 Rb8 21. Nd5 Qd6 22. Qc4 Be7 23. Nxe7 Qxe7 24. Bc5 Nd6 25. Qd3 Ra8 26. Bxd6 Qd8 27. Qc4 Qb6+ 28. Bc5 Qc6 29. Qxb4 Kf7 30. Qd4 Rhc8 31. b4 Rxa2 32. Rd1 d5 33. f5 Rxc2 34. fxe6+ Qxe6 35. Qxd5 Re8 36. Qxe6+ Rxe6 37. Rf2 Ree2 38. Rxe2 Rxe2 39. h4 h5 40. Rd7+ Kg6 41. Rd4 Kf5 42. b5 Rc2 43. Bd6 g5 44. b6 Rb2 45. Rb4 Rc2 46. b7 Rc1+ 47. Kf2 Rc2+ 48. Ke1 Rc1+ 49. Kd2 1-0

[Event "Swindon Open 1st"]
[Site "Swindon"]
[Date "2025.08.24"]
[Round "4.19"]
[White "Lopatko, Vasyl"]
[Black "Poderico, Francesco"]
[Result "1/2-1/2"]
[WhiteElo "1857"]
[BlackElo "1731"]
[PlyCount "112"]
[EventDate "2025.08.22"]
[EventType "swiss"]
[EventRounds "6"]
[EventCountry "ENG"]
[SourceTitle "BritBase"]
[Source "John Saunders"]
[SourceDate "2025.12.11"]
[SourceVersion "1"]
[SourceVersionDate "2025.12.11"]
[SourceQuality "1"]

1. d4 e6 2. c4 c5 3. d5 exd5 4. cxd5 d6 5. Nc3 a6 6. a4 Ne7 7. Nf3 Ng6 8. Nd2 Be7 9. Nc4 b6 10. g3 Nd7 11. e4 Nde5 12. Nxe5 Nxe5 13. Be2 Bf6 14. O-O Bh3 15. Re1 h5 16. f4 Ng4 17. e5 dxe5 18. Bxg4 Bxg4 19. Qb3 e4 20. Nxe4 Kf8 21. Be3 h4 22. Nxf6 Qxf6 23. Bf2 Rd8 24. Re5 Qd6 25. Rae1 hxg3 26. Bxg3 Qg6 27. Qe3 f6 28. Rg5 fxg5 29. Qe7+ Kg8 30. Qxd8+ Kh7 31. Qxg5 b5 32. Qe7 c4 33. d6 Qf5 34. Qh4+ Qh5 35. Qxh5+ Bxh5 36. axb5 axb5 37. Re5 Be8 38. Be1 Bd7 39. Re7 Re8 40. Rxd7 Rxe1+ 41. Kf2 Rd1 42. Ke2 Rd5 43. Ke3 Kg6 44. Ke4 Rd2 45. Ke5 Rxb2 46. Rc7 Re2+ 47. Kd5 Kf6 48. Kc5 c3 49. Kxb5 c2 50. Kb4 Ke6 51. Kb3 Kxd6 52. Rxc2 Re4 53. Rg2 Rxf4 54. Rxg7 Rf3+ 55. Kc4 Rh3 56. Rg2 Ke5 1/2-1/2

[Event "Swindon Open 1st"]
[Site "Swindon"]
[Date "2025.08.24"]
[Round "5.1"]
[White "Boswell, Jacob Connor"]
[Black "Jones, Steven A"]
[Result "0-1"]
[WhiteElo "2278"]
[BlackElo "2185"]
[PlyCount "128"]
[EventDate "2025.08.22"]
[EventType "swiss"]
[EventRounds "6"]
[EventCountry "ENG"]
[SourceTitle "BritBase"]
[Source "John Saunders"]
[SourceDate "2025.12.11"]
[SourceVersion "1"]
[SourceVersionDate "2025.12.11"]
[SourceQuality "1"]

1. Nf3 Nf6 2. c4 g6 3. Nc3 d5 4. cxd5 Nxd5 5. h4 Bg7 6. h5 Nc6 7. g3 e5 8. h6 Bf6 9. Bg2 Nb6 10. d3 Bg4 11. Bd2 Qd7 12. Rc1 O-O-O 13. O-O Be7 14. Ng5 Rdf8 15. Nb5 Kb8 16. a4 f6 17. Ne4 a6 18. Na3 Nd4 19. Nc3 Be6 20. a5 Bb3 21. Qe1 Nd5 22. e3 Ne6 23. Nxd5 Bxd5 24. Bh3 Rd8 25. Qe2 Nd4 26. exd4 Qxh3 27. f3 Qxg3+ 28. Qg2 Qxg2+ 29. Kxg2 Bxa3 30. bxa3 exd4 31. Rfe1 Rhe8 32. Bb4 Re3 33. Rxe3 dxe3 34. Be7 Re8 35. Bxf6 e2 36. Re1 Rf8 37. Bg7 Bxf3+ 38. Kf2 Rf5 39. Bc3 Bh5+ 40. Kg2 Rc5 41. Bb4 Rd5 42. Rc1 Rxd3 43. Rc5 Re3 44. Kf2 Re4 45. Be1 Kc8 46. Rd5 Bg4 47. Rd3 c5 48. Kg3 Kc7 49. Rc3 Kc6 50. Kh4 Be6+ 51. Kg5 Rg4+ 52. Kf6 Rg1 53. Rc1 Bf5 54. Ke5 Bc2 55. Kf6 Bd1 56. Bb4 e1=Q 57. Rxc5+ Kd7 58. Rd5+ Ke8 59. Bxe1 Rxe1 60. Rc5 Bb3 61. Rc8+ Kd7 62. Rb8 Kc7 63. Rh8 Rf1+ 64. Kg7 Rf7+ 0-1

[Event "Swindon Open 1st"]
[Site "Swindon"]
[Date "2025.08.24"]
[Round "5.2"]
[White "Beaumont, Chris R"]
[Black "Gimenez Menchon, Cesar"]
[Result "1-0"]
[WhiteElo "2142"]
[BlackElo "2075"]
[PlyCount "87"]
[EventDate "2025.08.22"]
[EventType "swiss"]
[EventRounds "6"]
[EventCountry "ENG"]
[SourceTitle "BritBase"]
[Source "John Saunders"]
[SourceDate "2025.12.11"]
[SourceVersion "1"]
[SourceVersionDate "2025.12.11"]
[SourceQuality "1"]

1. Nf3 d6 2. d4 Nf6 3. c4 g6 4. Nc3 Nbd7 5. e4 e5 6. Be2 Bg7 7. O-O O-O 8. Be3 Qe7 9. Qc2 c6 10. d5 c5 11. Bg5 h6 12. Bd2 Nh7 13. Rae1 Kh8 14. Qc1 h5 15. g3 Ndf6 16. Kg2 Ng8 17. Bd1 Re8 18. Ba4 Rd8 19. Bc2 Qf8 20. Ng1 h4 21. f4 Qe7 22. f5 Bf6 23. Nf3 g5 24. gxh4 gxh4 25. Rg1 Bg7 26. Kh1 Ngf6 27. Rg2 Nh5 28. Reg1 Bf6 29. Ng5 Ng3+ 30. hxg3 Bxg5 31. gxh4 Bxd2 32. Qxd2 Bd7 33. Qh6 Qf6 34. Qh5 Rg8 35. Rg5 a6 36. a4 b6 37. Nd1 Raf8 38. Nf2 Bc8 39. Ng4 Rxg5 40. Qxh7+ Kxh7 41. Nxf6+ Kg7 42. hxg5 Rh8+ 43. Kg2 Rh4 44. Rh1 1-0

[Event "Swindon Open 1st"]
[Site "Swindon"]
[Date "2025.08.24"]
[Round "5.3"]
[White "White, Stuart A"]
[Black "Ronald, Ted"]
[Result "1-0"]
[WhiteElo "2095"]
[BlackElo "1827"]
[PlyCount "75"]
[EventDate "2025.08.22"]
[EventType "swiss"]
[EventRounds "6"]
[EventCountry "ENG"]
[SourceTitle "BritBase"]
[Source "John Saunders"]
[SourceDate "2025.12.11"]
[SourceVersion "1"]
[SourceVersionDate "2025.12.11"]
[SourceQuality "1"]

1. c4 c5 2. g3 Nc6 3. Bg2 g6 4. Nc3 Bg7 5. Nf3 e5 6. a3 a5 7. d3 Nge7 8. Nd2 d6 9. Nf1 O-O 10. Ne3 Be6 11. Ned5 h6 12. O-O f5 13. Rb1 Kh7 14. Bd2 Rb8 15. b4 axb4 16. axb4 b6 17. b5 Na5 18. Nxe7 Qxe7 19. Nd5 Bxd5 20. Bxd5 Nb7 21. Ra1 Rfc8 22. Ra3 Nd8 23. Qc2 Rc7 24. Rfa1 Qd7 25. Ra4 Rbc8 26. R1a3 f4 27. Qa2 fxg3 28. hxg3 Ne6 29. Be3 Nd4 30. Bxd4 exd4 31. Ra7 Be5 32. Rxc7 Rxc7 33. Ra6 h5 34. Rxb6 g5 35. Qa8 h4 36. Qg8+ Kh6 37. Be4 Qg7 38. Qe6+ 1-0

[Event "Swindon Open 1st"]
[Site "Swindon"]
[Date "2025.08.24"]
[Round "5.4"]
[White "Ogunshola, Ben"]
[Black "Verma, Aditya"]
[Result "1/2-1/2"]
[WhiteElo "2070"]
[BlackElo "2093"]
[PlyCount "69"]
[EventDate "2025.08.22"]
[EventType "swiss"]
[EventRounds "6"]
[EventCountry "ENG"]
[SourceTitle "BritBase"]
[Source "John Saunders"]
[SourceDate "2025.12.11"]
[SourceVersion "1"]
[SourceVersionDate "2025.12.11"]
[SourceQuality "1"]

1. c4 Nf6 2. g3 c6 3. Nf3 d5 4. b3 g6 5. Bb2 Bg7 6. Bg2 O-O 7. O-O a5 8. cxd5 cxd5 9. Nc3 Nc6 10. d4 Bf5 11. Ne5 Rc8 12. Rc1 Re8 13. h3 h5 14. e3 Be6 15. f4 Bf5 16. Qe2 Ne4 17. Nxe4 Nxe5 18. Rxc8 Qxc8 19. Rc1 Nc6 20. Nf2 Qd7 21. Rc5 Be6 22. Qb5 Rd8 23. Bc3 Ra8 24. a4 Qc7 25. Bd2 Ra7 26. Kh2 Kh7 27. Nd3 Bd7 28. Rxd5 e6 29. Rc5 Qd8 30. Qc4 Nb8 31. Qc3 Na6 32. Rc4 b5 33. axb5 Bxb5 34. Rc8 Qe7 35. Ne5 1/2-1/2

[Event "Swindon Open 1st"]
[Site "Swindon"]
[Date "2025.08.24"]
[Round "5.5"]
[White "Malinovskii, Ilia"]
[Black "Hariharan, Shambavi"]
[Result "1/2-1/2"]
[WhiteElo "2075"]
[BlackElo "2069"]
[PlyCount "96"]
[EventDate "2025.08.22"]
[EventType "swiss"]
[EventRounds "6"]
[EventCountry "ENG"]
[SourceTitle "BritBase"]
[Source "John Saunders"]
[SourceDate "2025.12.11"]
[SourceVersion "1"]
[SourceVersionDate "2025.12.11"]
[SourceQuality "1"]

1. e4 e5 2. Nc3 Nf6 3. d4 exd4 4. Qxd4 Nc6 5. Qd3 Bc5 6. Bf4 O-O 7. O-O-O d6 8. Bg5 h6 9. Bh4 Ne5 10. Qe2 Ng6 11. Bg3 Qe8 12. h4 h5 13. Nh3 Bg4 14. f3 Be6 15. Ng5 Bb4 16. Nxe6 Qxe6 17. Be1 Rfe8 18. Qb5 a5 19. Bc4 Qc8 20. Qg5 Ne5 21. Be2 Qe6 22. Kb1 Ng6 23. Nb5 Rac8 24. Nd4 Qe5 25. c3 Nh7 26. Qc1 Bc5 27. Nf5 Ne7 28. Bg3 Qf6 29. Nxe7+ Qxe7 30. Bc4 c6 31. Rhe1 b5 32. Bd3 Qf6 33. Qc2 Nf8 34. f4 Qg6 35. Bh2 Qg4 36. g3 Rb8 37. Be2 Qg6 38. f5 Qh6 39. Bg1 Nd7 40. Bd4 Bxd4 41. Rxd4 c5 42. Rdd1 c4 43. g4 Qf4 44. gxh5 Qxe4 45. h6 Qxc2+ 46. Kxc2 gxh6 47. Rg1+ Kf8 48. Rg2 Rb6 1/2-1/2

[Event "Swindon Open 1st"]
[Site "Swindon"]
[Date "2025.08.24"]
[Round "5.6"]
[White "Sagues, Vincent"]
[Black "Hayward, Philip"]
[Result "0-1"]
[WhiteElo "1936"]
[BlackElo "2032"]
[PlyCount "56"]
[EventDate "2025.08.22"]
[EventType "swiss"]
[EventRounds "6"]
[EventCountry "ENG"]
[SourceTitle "BritBase"]
[Source "John Saunders"]
[SourceDate "2025.12.11"]
[SourceVersion "1"]
[SourceVersionDate "2025.12.11"]
[SourceQuality "1"]

1. e4 e5 2. Nf3 Nc6 3. Bb5 a6 4. Ba4 Nf6 5. d3 d6 6. c3 g6 7. O-O Bg7 8. Re1 O-O 9. Nbd2 h6 10. Nf1 Nh7 11. Ng3 Bd7 12. Be3 f5 13. exf5 gxf5 14. Bb3+ Kh8 15. Nh5 f4 16. Bd2 Bg4 17. Nxg7 Kxg7 18. d4 Qe8 19. h3 Bh5 20. Bc4 e4 21. Qc2 Bxf3 22. gxf3 Ng5 23. fxe4 Qh5 24. Bf1 Nxh3+ 25. Kh2 Ng5+ 26. Kg1 Nf3+ 27. Kg2 Qg4+ 28. Kh1 Qg1# 0-1

[Event "Swindon Open 1st"]
[Site "Swindon"]
[Date "2025.08.24"]
[Round "5.7"]
[White "Girdlestone, Paul C"]
[Black "Cook, Michael-Antony"]
[Result "1/2-1/2"]
[WhiteElo "2059"]
[BlackElo "1913"]
[PlyCount "47"]
[EventDate "2025.08.22"]
[EventType "swiss"]
[EventRounds "6"]
[EventCountry "ENG"]
[SourceTitle "BritBase"]
[Source "John Saunders"]
[SourceDate "2025.12.11"]
[SourceVersion "1"]
[SourceVersionDate "2025.12.11"]
[SourceQuality "1"]

1. e4 e5 2. Nc3 Nf6 3. f4 d5 4. fxe5 Nxe4 5. d3 Nxc3 6. bxc3 d4 7. Nf3 Nc6 8. Bb2 Bc5 9. cxd4 Nxd4 10. c3 Nxf3+ 11. Qxf3 Be6 12. d4 Be7 13. Bd3 c6 14. O-O Qb6 15. Bc1 Qa5 16. Bd2 O-O-O 17. Bf5 Ba3 18. Bxe6+ fxe6 19. Qg4 Bb2 20. Qxe6+ Kb8 21. Rab1 Bxc3 22. Qxc6 Bxd4+ 23. Kh1 Qc7 24. Qxc7+ 1/2-1/2

[Event "Swindon Open 1st"]
[Site "Swindon"]
[Date "2025.08.24"]
[Round "5.8"]
[White "Moyse, Nigel John"]
[Black "Headlong, Timothy"]
[Result "1/2-1/2"]
[WhiteElo "1944"]
[BlackElo "2024"]
[PlyCount "33"]
[EventDate "2025.08.22"]
[EventType "swiss"]
[EventRounds "6"]
[EventCountry "ENG"]
[SourceTitle "BritBase"]
[Source "John Saunders"]
[SourceDate "2025.12.11"]
[SourceVersion "1"]
[SourceVersionDate "2025.12.11"]
[SourceQuality "1"]

1. d4 d5 2. Bf4 Nf6 3. e3 e6 4. Bd3 c5 5. c3 Nc6 6. Nf3 Bd6 7. Bg3 O-O 8. Nbd2 b6 9. Ne5 Bb7 10. f4 Ne7 11. Bh4 Ne4 12. Bxe7 Qxe7 13. O-O f6 14. Nef3 Rac8 15. a4 a5 16. Qc2 f5 17. Ne5 1/2-1/2